Statistics for Denver Nuggets All-Time Starting 5

Click here to take the quiz!

General Stats

  • This quiz has been taken 58 times
    (25 since last reset)
  • The average score is 4 of 7

Answer Stats

Position Player % Correct
PFCarmelo Anthony
76%
6th ManDikembe Mutombo
76%
CNikola Jokic
71%
SGAlex English
71%
SFDavid Thompson
52%
PGFat Lever
29%
CoachGeorge Karl
24%

Score Distribution

Percentile by Number Answered

Percent of People with Each Score

Your Score History

You have not taken this quiz since the last reset